000 01047nam a2200325 a 4500
001 000002500
003 DO-SdBNP
005 20180215090243.0
007 000002500
008 090702s2005 dr 000 0 spa d
020 _a849519323X
040 _aBPMSU
_bspa
_cBPMSU
049 _aBNPD
092 _a461
_bC352c
100 1 _aCastillo, Maira
245 1 0 _aCurso propedéutico de ortografía y redacción /
_cMaira Castillo.
260 _aSanto Domingo :
_bUniversidad Abierta para Adultos,
_c2005.
300 _a69 p.:
_bil.
_c29 cm.
490 1 _aAutoaprendizaje
500 _aIncluye índice
504 _aIncluye referencias bibliográficas (p. 69)
650 4 _aESPAÑOL
_xORTOGRAFÍA
_xENSEÑANZA
650 4 _aESPAÑOL
_xREDACCIÓN
_xENSEÑANZA
710 2 _aUniversidad Abierta para Adultos (Santiago de los Caballeros, República Dominicana)
830 0 _aAutoaprendizaje
910 _aJornada de catalogación
942 _2ddc
_cBK
945 _ainventariado, 2018 / dg
956 _aVMATEO
_b10
_c20150923
_lBPMSU
_h0069
999 _c7159
_d7159